000 00602nmc a2200241 a 4500
003 AR-BaBNM
005 20251128205548.0
008 058019s1997 ||||||||||||||000 | spa||
020 _a950-843-276-4
040 _cAR-BaBNM
100 1 _aBeltrán, Alfredo
245 1 0 _aTristes historias de amor
260 _aBuenos Aires
_bVinciguerra
_c1997
300 _a157 p.
490 0 _aEl libro argentino
650 4 _aLITERATURA ARGENTINA
650 4 _aLITERATURA CONTEMPORANEA
650 4 _aHISTORIAS DE AMOR
653 _aNARRATIVA
655 _aLITERATURA
942 _cBK
998 _cMARTIN
999 _c11902
_d11902